[Event "Chess.com Bullet op KO"]
[Site "Chess.com INT"]
[Date "2020.12.20"]
[Round "2.6"]
[White "Nakamura, Hikaru"]
[Black "Artemiev, Vladislav"]
[Result "1-0"]
[WhiteElo "2736"]
[BlackElo "2711"]
[PlyCount "109"]
[EventDate "2020.12.20"]
[EventType "k.o. (blitz)"]
[EventRounds "4"]
[EventCountry "USA"]
[SourceTitle "CBM 199 Extra"]
[Source "ChessBase"]
[SourceDate "2021.01.31"]
[SourceVersion "1"]
[SourceVersionDate "2021.01.31"]
[SourceQuality "1"]

1. Nf3 g6 2. d3 Bg7 3. Nbd2 b6 $146 ({RR} 3... c5 4. e4 Nc6 5. c3 e5 6. Be2 Nge7 7. O-O O-O 8. a3 d6 9. b4 a6 10. Rb1 cxb4 11. cxb4 b5 12. Re1 h6 13. Bb2 Be6 14. Bf1 Qb6 15. d4 Nxd4 16. Nxd4 exd4 17. Nf3 Nc6 18. Qd2 {Schmidt,P (2027)-Schlemermeyer,W (2320) Berlin 2005 1-0 (40)}) ({RR} 3... Nf6 4. e4 O-O 5. e5 Ne8 6. h4 c5 7. h5 Nc6 8. hxg6 hxg6 9. Ne4 Nxe5 10. Nxe5 Bxe5 11. Bh6 Ng7 12. Qd2 d5 13. Nxc5 e6 14. d4 Bf6 15. c3 b6 16. Nd3 Ba6 17. Ne5 Bxf1 18. Kxf1 {Martirosyan,H (2622)-Vastrukhin,O (2401) Chess.com INT 2020 1-0 (67)}) ({RR} 3... c5 4. c3 Nc6 5. Qc2 d5 6. g3 e5 7. Bg2 Nge7 8. O-O O-O 9. b3 h6 10. h4 f5 11. e4 Be6 12. c4 dxe4 13. dxe4 f4 14. a4 Nb4 15. Qb1 Nec6 16. Ba3 g5 17. Rd1 Qf6 18. Bxb4 {Bolanos Lepere,U (1960)-Almeida Quintana,O (2524) Mexico City MEX 2024 0-1}) 4. e4 Bb7 5. g3 e6 6. Bg2 Ne7 7. O-O O-O 8. Re1 d6 9. h4 h6 10. Nf1 Nd7 11. c3 c5 12. N1h2 Ne5 13. Be3 Qd7 14. Qd2 Kh7 15. Rad1 Rad8 16. b3 Nxf3+ 17. Nxf3 f5 18. h5 gxh5 19. Nh4 e5 20. Qe2 f4 21. Bc1 Bf6 22. Qxh5 Qe6 23. Kh2 Bg5 24. Bh3 Qf6 25. Nf5 Bc8 26. gxf4 exf4 27. Nxe7 Qxe7 28. Bxc8 Rxc8 29. f3 Rg8 30. Rg1 Rg6 31. Rg4 Rcg8 32. Rdg1 Qf6 33. Bd2 R8g7 34. R1g2 Kg8 35. Kh3 Kf8 36. Bxf4 Qe6 37. Bxg5 Rxg5 38. Qh4 h5 39. Kg3 hxg4 40. f4 R5g6 41. Rf2 Qf6 42. Qh8+ Kf7 43. e5 Qe7 44. d4 Qf8 45. Qh5 Kg8 46. f5 Rg5 47. Qh6 Rxf5 48. Qe6+ Rff7 49. exd6 Kh7 50. Rh2+ Kg8 51. d7 Qb8+ 52. Kg2 Qd8 53. Qe8+ Rf8 54. Rh8+ Kxh8 55. Qf7 1-0

[Event "Chess.com Bullet op KO"]
[Site "Chess.com INT"]
[Date "2020.12.20"]
[Round "2.11"]
[White "Naroditsky, Daniel"]
[Black "Xiong, Jeffery"]
[Result "1-0"]
[WhiteElo "2621"]
[BlackElo "2709"]
[PlyCount "111"]
[EventDate "2020.12.20"]
[EventType "k.o. (blitz)"]
[EventRounds "4"]
[EventCountry "USA"]
[SourceTitle "CBM 199 Extra"]
[Source "ChessBase"]
[SourceDate "2021.01.31"]
[SourceVersion "1"]
[SourceVersionDate "2021.01.31"]
[SourceQuality "1"]

1. e4 e6 2. d3 d5 3. Nd2 c5 4. Ngf3 Nc6 5. g3 Bd6 6. Bg2 Nge7 7. O-O Qc7 8. Re1 Bd7 9. Qe2 f6 10. c3 O-O-O 11. d4 cxd4 12. cxd4 $146 ({RR} 12. Nxd4 Nxd4 13. cxd4 h5 14. e5 fxe5 15. dxe5 Bc5 16. Nb3 Bb6 17. Be3 Nc6 18. Bxb6 Qxb6 19. Rac1 Kb8 20. Nc5 g5 21. Qe3 g4 22. h4 Be8 23. Qd2 Rf8 24. Re3 Rf5 25. Rb3 Qa5 26. Qxa5 Nxa5 {Berth,M-Falkenberg,T Dresden 1993 ½-½}) 12... Kb8 13. Nb3 dxe4 14. Qxe4 Nd5 15. Bd2 Rhe8 16. Rac1 Ka8 17. Nc5 Bc8 18. b4 Qb6 19. a3 f5 20. Qe2 e5 21. dxe5 Nxe5 22. Nxe5 Bxe5 23. Qf3 Nf6 24. Bf4 Bxf4 25. Qxf4 Ne4 26. Nxe4 fxe4 27. Bxe4 Rf8 28. Qe3 Qf6 29. Rc7 Rf7 30. Rec1 Rxc7 31. Rxc7 Qa1+ 32. Kg2 Qf6 33. Qf3 Qb6 34. Rxg7 Bh3+ 35. Kxh3 Qh6+ 36. Kg2 Qxg7 37. h4 Qc7 38. Qh5 Kb8 39. Qxh7 Qb6 40. Qg6 Qc7 41. Qh7 a5 42. Qxc7+ Kxc7 43. h5 axb4 44. axb4 Rd4 45. f3 Rxb4 46. h6 Ra4 47. h7 Ra8 48. g4 Kd6 49. Bxb7 Rh8 50. Be4 Ke5 51. Kg3 Kf6 52. Kh4 Kg7 53. Kg5 Re8 54. f4 Rxe4 55. Kf5 Kxh7 56. Kxe4 1-0

[Event "Titled Tuesday intern op 22nd Dec"]
[Site "Chess.com INT"]
[Date "2020.12.22"]
[Round "7"]
[White "Anton Guijarro, David"]
[Black "Deac, Bogdan Daniel"]
[Result "1-0"]
[WhiteElo "2675"]
[BlackElo "2625"]
[PlyCount "57"]
[EventDate "2020.12.22"]
[EventType "swiss (blitz)"]
[EventRounds "11"]
[EventCountry "USA"]
[SourceTitle "CBM 199 Extra"]
[Source "ChessBase"]
[SourceDate "2021.01.31"]
[SourceVersion "1"]
[SourceVersionDate "2021.01.31"]
[SourceQuality "1"]

1. Nf3 d5 2. b3 Nf6 3. Bb2 g6 4. c4 Bg7 5. cxd5 O-O 6. Bxf6 Bxf6 7. Nc3 c6 8. dxc6 Nxc6 9. e3 Qa5 ({RR} 9... Bf5 10. Be2 Nb4 11. O-O Bc2 12. Qc1 Bd3 13. Bxd3 Nxd3 14. Qc2 Rc8 15. Rad1 Qd7 16. Qb1 Rfd8 17. Ne2 a5 18. Ned4 Nc5 19. Rc1 e5 20. Ne2 Nd3 21. Rxc8 Rxc8 22. Nc3 Bg7 23. e4 Nf4 24. g3 {Anton Guijarro,D (2663)-Ragger,M (2581) chess.com INT 2025 0-1 (36)}) 10. Rc1 $146 ({RR} 10. Qc1 Be6 11. Qb2 Nb4 12. a3 Nd5 13. b4 Qc7 14. Nxd5 Bxb2 15. Nxc7 Bxa1 16. Nxe6 fxe6 17. Bc4 Rxf3 18. gxf3 Kf7 19. Ke2 Bb2 20. Rb1 Be5 21. f4 Bd6 22. a4 Rc8 23. d3 Kf6 24. b5 Rc5 {Nippgen,G (2256)-Loehr,M (2245) Germany 2008 ½-½ (38)}) 10... Rd8 11. Bc4 Bg4 12. O-O Ne5 13. Ne4 Nxf3+ 14. gxf3 Bh3 15. Re1 Qxa2 16. d4 Qa5 17. f4 b5 18. Bf1 Be6 19. Nc5 Bd5 20. Bg2 Qb6 21. Bxd5 Rxd5 22. Qf3 Rad8 23. b4 e6 24. Ra1 Bxd4 25. exd4 Rxd4 26. Rad1 Rxb4 27. Ne4 Rbd4 28. Rxd4 Kg7 29. Rxd8 1-0

[Event "PNWCC WOW op"]
[Site "Chess.com INT"]
[Date "2020.12.27"]
[Round "6"]
[White "Xiong, Jeffery"]
[Black "Ter Sahakyan, Samvel"]
[Result "1-0"]
[WhiteElo "2709"]
[BlackElo "2640"]
[PlyCount "59"]
[EventDate "2020.12.26"]
[EventType "swiss"]
[EventRounds "9"]
[EventCountry "USA"]
[SourceTitle "CBM 200 Extra"]
[Source "ChessBase"]
[SourceDate "2021.03.31"]
[SourceVersion "1"]
[SourceVersionDate "2021.03.31"]
[SourceQuality "1"]

1. Nf3 d5 2. b3 Bg4 3. Bb2 Nd7 4. g3 Bxf3 5. exf3 Ngf6 6. Bg2 g6 7. f4 e6 8. O-O Bg7 9. d3 O-O 10. Nd2 Ne8 11. c3 $146 ({RR} 11. Bxg7 Nxg7 12. Nf3 a5 13. a4 Qf6 14. Re1 Qc3 15. Qd2 Qxd2 16. Nxd2 Nf5 17. Nf3 Ra6 18. g4 Ne7 19. Nd4 Nc6 20. Nb5 Nb4 21. Re2 Rc6 22. c4 Nf6 23. Bf3 Nxd3 24. g5 Ne8 25. cxd5 exd5 {Regis,G (2169)-Krivoshey,S (2449) Germany 2002 ½-½ (63)}) ({RR} 11. d4 Nd6 12. h4 c5 13. c4 dxc4 14. Nxc4 Nxc4 15. bxc4 Qc7 16. Rb1 cxd4 17. Ba3 Rfb8 18. c5 a6 19. Qd2 Ra7 20. Rfc1 Rd8 21. c6 {1-0 (21) Langrock,H (2355)-Beikert,G (2350) Germany GER 2025}) 11... Nd6 12. Qc2 a5 13. a4 c6 14. Nf3 Qc7 15. Rfe1 b5 16. h4 Rfb8 17. h5 Qb6 18. axb5 cxb5 19. Bh3 Qd8 20. hxg6 hxg6 21. Rxe6 fxe6 22. Bxe6+ Kf8 23. Bxd5 Nf7 24. d4 Ra6 25. Ba3+ b4 26. cxb4 axb4 27. Bxb4+ Rxb4 28. Rxa6 Rb6 29. Ra8 Rb8 30. Ra7 1-0

[Event "Krakow op-A 31st"]
[Site "Krakow"]
[Date "2021.01.03"]
[Round "8"]
[White "Gumularz, Szymon"]
[Black "Sadzikowski, Daniel"]
[Result "1-0"]
[WhiteElo "2516"]
[BlackElo "2528"]
[PlyCount "81"]
[EventDate "2020.12.27"]
[EventType "swiss"]
[EventRounds "9"]
[EventCountry "POL"]
[SourceTitle "CBM 200 Extra"]
[Source "ChessBase"]
[SourceDate "2021.03.31"]
[SourceVersion "1"]
[SourceVersionDate "2021.03.31"]
[SourceQuality "1"]

1. Nf3 d5 2. g3 g6 3. Bg2 Bg7 4. O-O e5 5. d3 Ne7 6. e4 O-O 7. Nbd2 Nbc6 8. b3 a5 9. a3 f5 ({RR} 9... h6 10. Bb2 d4 11. Qe2 a4 12. b4 Na7 13. Nc4 Nec6 14. Bc1 Be6 15. Bd2 Nb5 16. h3 Nd6 17. Nxd6 cxd6 18. c3 dxc3 19. Bxc3 Na7 20. d4 Qc8 21. Rfc1 Bxh3 22. dxe5 Bxg2 23. Kxg2 Qe6 24. exd6 {Caruana,F (2782)-Anand,V (2773) Zuerich 2014 0-1 (47)}) 10. Bb2 d4 11. exf5 Bxf5 $146 ({RR} 11... gxf5 12. Re1 Ng6 13. h4 Nh8 14. Nc4 Nf7 15. b4 axb4 16. axb4 Rxa1 17. Bxa1 b5 18. Na3 Nxb4 19. Nxb5 c5 20. Na3 Be6 21. Nd2 Qd7 22. Nac4 Qa4 23. Nb3 Qb5 24. Nbd2 e4 25. Bf1 Qa4 26. dxe4 {Tavakolian,M (2172)-Cekro,E (2402) France 2007 0-1 (50)}) 12. Re1 Qd7 13. Qe2 Rae8 14. Qf1 Nd5 15. h3 Qd8 16. Kh2 Nc3 17. Bxc3 dxc3 18. Ne4 Nd4 19. Nxd4 Qxd4 20. Re2 Bh6 21. Qe1 Bxe4 22. Bxe4 Bd2 23. Qg1 c6 24. h4 Kg7 25. Kg2 Rf6 26. Rf1 Ref8 27. Qh2 Qc5 28. a4 b5 29. Qh3 Qd4 30. f3 bxa4 31. bxa4 Qxa4 32. h5 Qa2 33. hxg6 hxg6 34. Rh1 Qg8 35. d4 exd4 36. Bd3 Rxf3 37. Bc4 R8f7 38. Rxd2 cxd2 39. Qh6+ Kf6 40. Kxf3 Qh7 41. Qf4+ 1-0

[Event "Titled Tuesday intern op 29th Dec"]
[Site "Chess.com INT"]
[Date "2020.12.29"]
[Round "9"]
[White "Andreikin, Dmitry"]
[Black "Jones, Gawain C B"]
[Result "1-0"]
[WhiteElo "2725"]
[BlackElo "2670"]
[PlyCount "89"]
[EventDate "2020.12.29"]
[EventType "swiss (blitz)"]
[EventRounds "11"]
[EventCountry "USA"]
[SourceTitle "CBM 200 Extra"]
[Source "ChessBase"]
[SourceDate "2021.03.31"]
[SourceVersion "1"]
[SourceVersionDate "2021.03.31"]
[SourceQuality "1"]

1. Nf3 c5 2. b3 d6 3. Bb2 e5 4. g3 g6 5. c4 Bg7 6. Bg2 Nc6 7. O-O Nge7 8. d3 O-O 9. Nc3 h6 ({RR} 9... Bf5 10. a3 Qd7 11. Re1 Bh3 12. Bh1 h6 13. b4 cxb4 14. axb4 Nxb4 15. Ba3 Nec6 16. Nd2 a5 17. Nd5 Nxd5 18. Bxd5 Rab8 19. Qa4 b5 20. cxb5 Nd4 21. Bc6 Qg4 22. Bxd6 Nxe2+ 23. Kh1 Nd4 24. Bxf8 {Andreikin,D (2712)-Grischuk,A (2767) Moscow 2018 ½-½ (48)}) 10. a3 a5 11. Nd2 $146 ({RR} 11. Qd2 Be6 12. e3 Qd7 13. Rfd1 Kh7 14. Nb5 d5 15. d4 dxc4 16. dxc5 Qxd2 17. Nxd2 cxb3 18. Nc7 a4 19. Nxe6 fxe6 20. Nc4 Rfd8 21. Nb6 Rxd1+ 22. Rxd1 Ra5 23. Rd7 Rxc5 24. Rxb7 Ra5 25. Bc3 Rb5 {Daroczi,D (2130)-Krysa,L (2488) chess.com INT 2025 ½-½}) 11... Rb8 12. Nb5 Be6 13. Ne4 Nc8 14. Nec3 Qd7 15. Nd5 Bh3 16. e4 Bxg2 17. Kxg2 N8e7 18. f4 Nxd5 19. exd5 Nd4 20. Bxd4 exd4 21. f5 gxf5 22. Qh5 Rbe8 23. Qxf5 Re2+ 24. Kh3 Qe7 25. Rf4 Qg5 26. Nxd6 Qxf5+ 27. Rxf5 b6 28. Raf1 f6 29. R5f2 Re3 30. Rf3 Re2 31. a4 Rb2 32. Re1 Rxb3 33. Nf5 h5 34. d6 Rd8 35. Re6 Rb2 36. Rf4 Rd2 37. Rfe4 Bf8 38. Rxf6 Rxd3 39. Kh4 Rd2 40. Kxh5 Rxh2+ 41. Kg6 Rh7 42. Ne7+ Bxe7 43. Rxe7 Rxe7 44. dxe7 Re8 45. Rd6 1-0

[Event "Pan American Intercollegiate-chT"]
[Site "Chess.com INT"]
[Date "2021.01.05"]
[Round "4"]
[White "Theodorou, Nikolas"]
[Black "Gabuzyan, Hovhannes"]
[Result "1-0"]
[WhiteElo "2554"]
[BlackElo "2557"]
[PlyCount "133"]
[EventDate "2021.01.04"]
[EventType "team-swiss (rapid)"]
[EventRounds "9"]
[EventCountry "USA"]
[SourceTitle "CBM 200 Extra"]
[Source "ChessBase"]
[SourceDate "2021.03.31"]
[SourceVersion "1"]
[SourceVersionDate "2021.03.31"]
[SourceQuality "1"]
[WhiteTeam "St Louis Univ"]
[BlackTeam "Texas Rio Grande Valley Univ"]
[WhiteTeamCountry "USA"]
[BlackTeamCountry "USA"]

1. Nf3 c5 2. g3 g6 3. Bg2 Bg7 4. O-O Nc6 5. Nc3 d6 6. d3 e5 7. Nd5 Nce7 8. c4 Nxd5 9. cxd5 Nf6 $146 ({RR} 9... Ne7 10. Nd2 h5 11. Qa4+ Bd7 12. Qb3 Qc7 13. Ne4 O-O 14. a4 Nf5 15. Qd1 a6 16. a5 Nd4 17. e3 Nb5 18. Bd2 Qd8 19. h4 Bg4 20. Qc2 Rc8 21. Ra4 Qe7 22. Rc4 Bd7 23. Qb3 Bh6 24. Bc1 {Eriksson,J (2209)-Jarvenpaa,J (2293) Stockholm 2018 1-0 (70)}) 10. Nd2 h5 11. h4 O-O 12. Rb1 b5 13. b4 cxb4 14. Rxb4 Bd7 15. Rb1 a5 16. Bb2 Bh6 17. d4 Ng4 18. dxe5 Nxe5 19. Ne4 Bf5 20. Bxe5 dxe5 21. Rxb5 Rc8 22. d6 Bxe4 23. Bxe4 f5 24. Bd5+ Kh8 25. Be6 Rc6 26. Rxe5 Rxd6 27. Rd5 Rxd5 28. Qxd5 Qxd5 29. Bxd5 f4 30. Rb1 fxg3 31. fxg3 Be3+ 32. Kh1 Kg7 33. Rb7+ Kh6 34. Bf3 Rf5 35. Rd7 Rc5 36. Be4 Rc4 37. Re7 Bd4 38. Re6 Bf6 39. Bd3 Rc1+ 40. Kg2 Kg7 41. Ra6 Rc5 42. Ra7+ Kh6 43. a4 Re5 44. Kf3 Rc5 45. Ra6 Kg7 46. Bb5 Rf5+ 47. Kg2 Bc3 48. Rc6 Bd4 49. Bd3 Rf2+ 50. Kh3 Rf6 51. Rc7+ Kh6 52. Rc4 Bb6 53. g4 g5 54. Re4 hxg4+ 55. Kxg4 Rf4+ 56. Rxf4 gxf4 57. Kxf4 Kh5 58. e4 Kxh4 59. Be2 Bd8 60. e5 Bc7 61. Kf5 Kg3 62. e6 Bd8 63. Kg6 Kf2 64. Bb5 Ke3 65. Kf7 Kd4 66. e7 Bxe7 67. Kxe7 1-0

[Event "Pan American Intercollegiate-chT"]
[Site "Chess.com INT"]
[Date "2021.01.05"]
[Round "6"]
[White "Hakobyan, Aram"]
[Black "Bok, Benjamin"]
[Result "1-0"]
[WhiteElo "2598"]
[BlackElo "2624"]
[PlyCount "109"]
[EventDate "2021.01.04"]
[EventType "team-swiss (rapid)"]
[EventRounds "9"]
[EventCountry "USA"]
[SourceTitle "CBM 200 Extra"]
[Source "ChessBase"]
[SourceDate "2021.03.31"]
[SourceVersion "1"]
[SourceVersionDate "2021.03.31"]
[SourceQuality "1"]
[WhiteTeam "Webster Univ"]
[BlackTeam "St Louis Univ"]
[WhiteTeamCountry "USA"]
[BlackTeamCountry "USA"]

1. Nf3 d5 2. g3 g6 3. Bg2 Bg7 4. O-O e5 5. d3 Nc6 6. e4 dxe4 7. dxe4 Qxd1 8. Rxd1 Bg4 9. c3 Nf6 10. Re1 O-O 11. Na3 h6 12. Nc4 Rfe8 13. a4 a6 $146 ({RR} 13... Rad8 14. b4 Be6 15. Bf1 Nd7 16. b5 Ncb8 17. Be3 b6 18. a5 f5 19. axb6 axb6 20. Ra7 Rc8 21. Nfd2 Rf8 22. Bh3 Kf7 23. Rd1 f4 24. Bxe6+ Kxe6 25. gxf4 exf4 26. Bd4 Rf7 27. Nf3 Nc5 28. Bxc5 {Carlsen,M (2831)-Bok,B (2593) chess.com INT 2024 1-0 (55)}) 14. Nfd2 Be6 15. b4 Red8 16. Bf1 b5 17. axb5 axb5 18. Rxa8 Rxa8 19. Na3 Na7 20. Nf3 c6 21. Nxe5 Nd7 22. Nxd7 Bxd7 23. e5 Re8 24. f4 f6 25. Rd1 Bf5 26. Be3 fxe5 27. Bxa7 Ra8 28. Nxb5 cxb5 29. Bc5 exf4 30. gxf4 Bxc3 31. Bxb5 Rb8 32. Bc4+ Kh7 33. b5 Rc8 34. b6 Rxc5 35. b7 Rc8 36. bxc8=Q Bxc8 37. Rd6 Bf5 38. Bd3 Bb4 39. Rd5 Bxd3 40. Rxd3 Kg7 41. Kg2 Kf6 42. Kf3 Be7 43. Ke4 Ke6 44. Rg3 Kf7 45. Rb3 Bf6 46. Rb6 Ba1 47. h3 h5 48. Ra6 Bc3 49. Rc6 Bb2 50. f5 gxf5+ 51. Kxf5 h4 52. Rc7+ Kf8 53. Rh7 Bc1 54. Kg6 Kg8 55. Rxh4 1-0

[Event "Titled Tuesday intern op 12th Jan"]
[Site "Chess.com INT"]
[Date "2021.01.12"]
[Round "5"]
[White "Hansen, Sune Berg"]
[Black "Holt, Conrad"]
[Result "1-0"]
[WhiteElo "2533"]
[BlackElo "2549"]
[PlyCount "161"]
[EventDate "2021.01.12"]
[EventType "swiss (blitz)"]
[EventRounds "11"]
[EventCountry "USA"]
[SourceTitle "CBM 200 Extra"]
[Source "ChessBase"]
[SourceDate "2021.03.31"]
[SourceVersion "1"]
[SourceVersionDate "2021.03.31"]
[SourceQuality "1"]

1. e4 e6 2. d3 d5 3. Nd2 c5 4. Ngf3 Nc6 5. g3 Bd6 6. Bg2 Nge7 7. O-O O-O 8. Nh4 Bd7 9. f4 f6 ({RR} 9... f5 10. exd5 Nxd5 11. Nc4 Bc7 12. Nf3 b5 13. Ne3 Nb6 14. c3 Rc8 15. Nc2 Bd6 16. Be3 Nd5 17. Bf2 Nf6 18. Kh1 Ng4 19. Bg1 e5 20. fxe5 Ncxe5 21. Nxe5 Bxe5 22. d4 cxd4 23. Nxd4 Qe8 24. Nf3 {Hansen,S (2561)-Graf,A (2601) Germany 2007 1-0 (42)}) 10. Ndf3 ({RR} 10. c3 d4 11. a4 Be8 12. Qb3 Bf7 13. Nc4 e5 14. Nf5 Nxf5 15. exf5 Na5 16. Qa2 exf4 17. gxf4 dxc3 18. bxc3 Bc7 19. Be4 Re8 20. Qg2 Nxc4 21. dxc4 Bxc4 22. Re1 Rb8 23. Be3 b6 24. Rad1 Qe7 {Hansen,S (2508)-Soraas,T (2121) chess.com INT 2024 1-0 (49)}) ({RR} 10. c3 b5 11. Qe2 d4 12. Ndf3 e5 13. f5 dxc3 14. bxc3 b4 15. c4 Nd4 16. Nxd4 cxd4 17. Bf3 a5 18. Bh5 Be8 19. g4 g6 20. fxg6 hxg6 21. Bh6 gxh5 22. Bxf8 Kxf8 23. Rxf6+ Kg7 24. Qf2 Nc8 {Shibut,M (2235)-Holt,C (2403) Arlington 2010 1-0}) 10... Qc7 11. Kh1 Rad8 $146 ({RR} 11... b5 12. Be3 d4 13. Bd2 e5 14. f5 c4 15. g4 h6 16. Rg1 Nd8 17. Bf1 Nf7 18. Rg3 a5 19. Be2 Ng5 20. Nxg5 hxg5 21. Nf3 Kf7 22. Be1 {½-½ (22) Psakhis,L (2575)-Horvath,J (2465) Sochi 1987}) 12. Be3 c4 13. Qe2 c3 14. b3 Be8 15. Bg1 Bh5 16. exd5 exd5 17. Qe6+ Bf7 18. Qe2 Rfe8 19. Rfe1 Qd7 20. Qf2 h6 21. f5 Nxf5 22. Bh3 Nxg3+ 23. Kg2 Be6 24. Rxe6 Rxe6 25. hxg3 Rde8 26. Re1 Nd8 27. Bxe6+ Nxe6 28. Nf5 Bc5 29. d4 Bf8 30. N3h4 Qf7 31. Qe3 g5 32. Nf3 Nc7 33. Qxc3 Rxe1 34. Nxe1 Qe6 35. Ne3 Qe4+ 36. Kf1 Bd6 37. Qd3 Bxg3 38. Qxe4 dxe4 39. Nf5 Bf4 40. c4 Kh7 41. Ng2 Kg6 42. Nge3 h5 43. d5 h4 44. Kg2 b6 45. Kh3 Kh5 46. d6 Ne6 47. d7 Bc7 48. Nd5 Bd8 49. Bh2 g4+ 50. Kg2 g3 51. Bxg3 hxg3 52. Nxg3+ Kg4 53. Nxe4 Kf5 54. Nd6+ Kg6 55. Nb7 Kf7 56. Kf3 Be7 57. Ke4 Nd8 58. Nxe7 Kxe7 59. Nxd8 Kxd8 60. Kf5 Kxd7 61. Kxf6 Kd6 62. b4 a5 63. a3 axb4 64. axb4 Kd7 65. Kf7 Kd6 66. Kf6 Kd7 67. Kf5 Kd6 68. Kf4 Ke6 69. Ke4 Kd6 70. Kf5 Kd7 71. Ke5 Ke7 72. Kd5 Kd7 73. Ke5 Ke7 74. Kf4 Kd6 75. Ke4 Ke6 76. Kd4 Kd6 77. Ke3 Ke5 78. Kd3 Ke6 79. Kd4 Kd6 80. b5 Ke6 81. c5 1-0

[Event "Titled Tuesday intern op 12th Jan"]
[Site "Chess.com INT"]
[Date "2021.01.12"]
[Round "9"]
[White "Anton Guijarro, David"]
[Black "Sevian, Samuel"]
[Result "1-0"]
[WhiteElo "2679"]
[BlackElo "2660"]
[PlyCount "77"]
[EventDate "2021.01.12"]
[EventType "swiss (blitz)"]
[EventRounds "11"]
[EventCountry "USA"]
[SourceTitle "CBM 200 Extra"]
[Source "ChessBase"]
[SourceDate "2021.03.31"]
[SourceVersion "1"]
[SourceVersionDate "2021.03.31"]
[SourceQuality "1"]

1. Nf3 d5 2. b3 Nf6 3. Bb2 Bg4 4. e3 e6 5. d3 ({RR} 5. d4 Nbd7 6. Be2 Bd6 7. Nbd2 O-O 8. O-O c6 9. Ne5 Bf5 10. Ndf3 Ne4 11. Nxd7 Qxd7 12. Ne5 Qc7 13. f3 Nf6 14. Bd3 a5 15. Qe2 Bxd3 16. Qxd3 a4 17. c4 Rfd8 18. f4 Ne4 19. Rfc1 Qe7 {Ayushh,R (1953)-Le Tuan Minh (2564) chess.com INT 2024 0-1 (45)}) 5... c5 ({RR} 5... a5 6. a3 Nbd7 7. Nbd2 Bd6 8. h3 Bxf3 9. Nxf3 O-O 10. Be2 c6 11. O-O Qe7 12. c4 Rfd8 13. Qc2 Nf8 14. e4 dxe4 15. dxe4 e5 16. c5 Bxc5 17. Nxe5 Bd4 18. Bxd4 Rxd4 19. Nf3 Rxe4 20. Bd3 {Topalov,V (2793)-Aronian,L (2813) Stavanger 2013 0-1 (33)}) ({RR} 5... Bb4+ 6. Nbd2 c5 7. Be2 Nc6 8. O-O O-O 9. a3 Ba5 10. c4 Qe7 11. cxd5 exd5 12. Rc1 Bb6 13. h3 Bh5 14. Nh4 Bxe2 15. Qxe2 Qe6 16. Rfe1 Rfe8 17. Nhf3 Rad8 18. Qd1 Nd7 19. Qc2 Qg6 20. e4 {Anton Guijarro,D (2650)-Tomashevsky,E (2716) Doha 2016 1-0 (55)}) 6. Nbd2 Nc6 7. h3 Bd6 $146 ({RR} 7... Bh5 8. Be2 h6 9. Ne5 Bxe2 10. Qxe2 Nxe5 11. Bxe5 Bd6 12. Bb2 O-O 13. c4 Re8 14. O-O e5 15. cxd5 Nxd5 16. Qf3 Bc7 17. Rfd1 b6 18. Ne4 Qe7 19. Rac1 Rad8 20. a3 Rd7 21. Ng3 Qe6 22. Ba1 {Miles,A (2579)-Law,A (2304) Birmingham 2000 1-0 (36)}) 8. Be2 Bxf3 9. Nxf3 O-O 10. O-O Qe7 11. a3 Rfe8 12. c4 Rad8 13. Qc2 h6 14. Rfe1 a6 15. Bf1 e5 16. cxd5 Nxd5 17. Nd2 Nf6 18. Rac1 Qc7 19. g3 Bf8 20. Red1 Rd7 21. Bg2 Red8 22. Nc4 Re8 23. Bxc6 bxc6 24. e4 h5 25. Bc3 g6 26. Qb2 Rde7 27. f4 Bh6 28. Bxe5 Rxe5 29. Nxe5 h4 30. Nxg6 Bg7 31. e5 fxg6 32. exf6 Re3 33. Rc2 Bh8 34. Rf1 Rxg3+ 35. Rg2 Rxh3 36. Rxg6+ Kh7 37. Qg2 Rxd3 38. Rg5 Qf7 39. Qe4+ 1-0

[Event "Titled Tuesday intern op 12th Jan"]
[Site "Chess.com INT"]
[Date "2021.01.12"]
[Round "11"]
[White "Aravindh, Chithambaram VR"]
[Black "Korobov, Anton"]
[Result "1-0"]
[WhiteElo "2641"]
[BlackElo "2692"]
[PlyCount "99"]
[EventDate "2021.01.12"]
[EventType "swiss (blitz)"]
[EventRounds "11"]
[EventCountry "USA"]
[SourceTitle "CBM 200 Extra"]
[Source "ChessBase"]
[SourceDate "2021.03.31"]
[SourceVersion "1"]
[SourceVersionDate "2021.03.31"]
[SourceQuality "1"]

1. Nf3 Nf6 2. b3 c5 3. Bb2 d6 4. g3 ({RR} 4. d4 cxd4 5. Qxd4 g6 6. g3 Bg7 7. Qd1 O-O 8. Bg2 Nc6 9. O-O Bf5 10. c4 Bxb1 11. Qxb1 Qb6 12. e3 Rfd8 13. Nd4 d5 14. Nxc6 bxc6 15. Qc2 a5 16. Rab1 e6 17. Rfc1 Nd7 18. Bxg7 Kxg7 {Nakamura,H (2750)-Erigaisi,A (2675) Chess.com INT 2022 1-0 (36)}) 4... e5 5. Bg2 Nc6 6. O-O e4 $146 ({RR} 6... Be7 7. e3 O-O 8. d4 cxd4 9. exd4 e4 10. Nfd2 d5 11. c4 Bg4 12. f3 exf3 13. Nxf3 Re8 14. Nbd2 Bb4 15. a3 Bxd2 16. Qxd2 Ne4 17. Qf4 Nf6 18. Ne5 Be6 19. Rae1 Rc8 20. c5 Nxe5 21. Rxe5 {Martin Barcelo,C (2254)-Jaramillo Lopez,A (2250) chess.com INT 2024 0-1 (75)}) ({RR} 6... Be7 7. c4 O-O 8. Nc3 h6 9. d3 Be6 10. Rc1 a6 11. Nd2 d5 12. cxd5 Nxd5 13. Nde4 b6 14. e3 Rc8 15. Qe2 f5 16. Nd2 Ndb4 17. Nc4 b5 18. Nd2 Nxd3 19. Rb1 Nxb2 20. Rxb2 e4 21. f3 {Javakhishvili,L (2426)-Narva,M (2398) Monaco MNC 2025 0-1 (48)}) 7. Ng5 d5 8. c4 h6 9. cxd5 Qxd5 10. Nxe4 Nxe4 11. d3 Nxf2 12. Rxf2 Qh5 13. Na3 Bh3 14. Nb5 Bxg2 15. Kxg2 O-O-O 16. e4 Qxd1 17. Rxd1 f6 18. Nc3 Bd6 19. Nd5 b6 20. d4 cxd4 21. Bxd4 Rhe8 22. Re2 Kb7 23. Kf3 Bc5 24. Bc3 Ne5+ 25. Bxe5 Rxe5 26. g4 h5 27. h3 hxg4+ 28. hxg4 Rh8 29. Nf4 Rc8 30. Rd7+ Rc7 31. Red2 Re7 32. Rxc7+ Rxc7 33. Ne6 Re7 34. Nxc5+ bxc5 35. Kf4 Kc6 36. Rd5 a5 37. g5 fxg5+ 38. Rxg5 Kb5 39. e5 Kb4 40. Kf5 a4 41. Rg4+ Kc3 42. Rxa4 Kb2 43. e6 Rb7 44. Ra5 Rc7 45. Ke5 g5 46. Kd6 Rg7 47. e7 Rg8 48. Kd7 g4 49. e8=Q g3 50. Qxg8 1-0

[Event "Titled Tuesday intern op 19th Jan"]
[Site "Chess.com INT"]
[Date "2021.01.19"]
[Round "6"]
[White "Svane, Rasmus"]
[Black "Tang, Andrew"]
[Result "1-0"]
[WhiteElo "2613"]
[BlackElo "2538"]
[PlyCount "41"]
[EventDate "2021.01.19"]
[EventType "swiss (blitz)"]
[EventRounds "11"]
[EventCountry "USA"]
[SourceTitle "CBM 200 Extra"]
[Source "ChessBase"]
[SourceDate "2021.03.31"]
[SourceVersion "1"]
[SourceVersionDate "2021.03.31"]
[SourceQuality "1"]

1. Nf3 d5 2. g3 Bg4 3. Bg2 Nd7 4. O-O e6 5. h3 Bh5 6. d4 c6 7. Nbd2 Bd6 8. e4 Ne7 9. c3 O-O 10. Re1 $146 ({RR} 10. e5 Bc7 11. Nb3 a5 12. Be3 a4 13. Nc1 c5 14. Nd3 Nc6 15. Nf4 Bxf3 16. Qxf3 Qe7 17. Qg4 cxd4 18. cxd4 Bb6 19. Rad1 Rae8 20. h4 f6 21. exf6 Nxf6 22. Qe2 Qb4 23. a3 Qa5 24. Rfe1 Qa7 {Bykhovsky,A (2496)-Tang,A (2538) Chess.com INT 2020 0-1 (78)}) 10... h6 11. Qb3 a5 12. Nh4 a4 13. Qxb7 Nb6 14. Nhf3 Bc7 15. Ne5 Bxe5 16. dxe5 Ra5 17. b4 axb3 18. Nxb3 Rb5 19. Nd4 Rc5 20. Ba3 Na4 21. Qa7 1-0